¿Por qué el planeta tierra es tan especial? / (Record no. 198788)

MARC details
000 -CABECERA
campo de control de longitud fija 00477nam a2200157 u 4500
005 - FECHA Y HORA DE LA ÚLTIMA TRANSACCIÓN
campo de control 20210223133649.0
008 - ELEMENTOS DE LONGITUD FIJA--INFORMACIÓN GENERAL
campo de control de longitud fija 180917s2009 r 000 0 eng d
020 ## - NÚMERO INTERNACIONAL NORMALIZADO PARA LIBROS
Número Internacional Estándar del Libro 9788426137326
035 ## - NÚMERO DE CONTROL DEL SISTEMA
Número de control de sistema UPN01000226692
100 1# - ASIENTO PRINCIPAL--NOMBRE PERSONAL
Nombre de persona Wells, Robert E.
9 (RLIN) 31866
245 10 - MENCIÓN DE TÍTULO
Título ¿Por qué el planeta tierra es tan especial? /
Mención de responsabilidad, etc. Robert E. Wells ; tr. Raquel Solá.
260 ## - PUBLICACIÓN, DISTRIBUCIÓN, ETC.
Lugar de publicación, distribución, etc. Barcelona, Esp. :
Nombre del editor, distribuidor, etc. Juventud,
Fecha de publicación, distribución, etc. 2009.
300 ## - DESCRIPCIÓN FÍSICA
Extensión s.p. :
Otras características físicas il. col.
905 ## - TIPO DE MATERIAL
Tipo de material Infantil

No items available.